| 000 | 01081nam a2200229Ia 4500 | ||
|---|---|---|---|
| 999 |
_c54690 _d54690 |
||
| 001 | 21757 | ||
| 003 | GE_BSU | ||
| 005 | 20220301153719.0 | ||
| 008 | 181216s ||||ge |||||||||||||| ||geo|| | ||
| 040 | _cGE_BSU | ||
| 041 | _ageo | ||
| 080 | _a811.353.1-26 კ-79 | ||
| 100 |
_aკოტინოვი, ნ. _913582 |
||
| 245 |
_aქართული სალიტერატურო ენის ისტორიიდან : _bXVIII-XIX სს. იოანე ბაგრატიონის თხზულებათა ენის მიხედვით / _cნ. კოტინოვი ; გამომც. რედ. ლ.კვინიკაძე. |
||
| 264 |
_aთბილისი : _bგანათლება, _c1973. |
||
| 300 |
_a160 გვ. ; _c 22 სმ. |
||
| 541 | _h1ლ.12თ. | ||
| 653 | _aქართული ენა | ||
| 653 | _aქართული სალიტერატურო ენის ისტორია | ||
| 700 |
_aკვინიკაძე, ლ. _eრედაქტორი _99831 |
||
| 942 |
_cBK _2udc |
||